[Event "GER-ch Net blitz qual3"]
[Site "Playchess.com INT"]
[Date "2020.03.21"]
[Round "5"]
[White "Mamammadi Nia, Borna"]
[Black "Scheftlein, Richard"]
[Result "0-1"]
[WhiteElo "1909"]
[BlackElo "2243"]
[PlyCount "74"]
[EventDate "2020.03.21"]
[EventType "swiss (blitz)"]
[EventRounds "9"]
[EventCountry "GER"]
[SourceTitle "CBM 195 Extra"]
[Source "ChessBase"]
[SourceDate "2020.05.31"]
[SourceVersion "1"]
[SourceVersionDate "2020.05.31"]
[SourceQuality "1"]

1. e3 d5 2. d4 Nf6 3. c4 e6 4. Nc3 Be7 5. Nf3 0-0 6. cxd5 exd5 7. Bd3 Nbd7 8. 0-0 Re8 9. Qc2 c5 10. dxc5 Nxc5 11. Rd1 Nxd3 12. Qxd3 Be6 13. b3 Qb6 14. Bb2 Red8 15. Ne2 Bg4 16. Ne5 Bh5 17. Nf4 Bxd1 18. Rxd1 a5 19. Bd4 Bc5 20. Ba1 a4 21. bxa4 Qa6 22. Qf5 Qxa4 23. Rf1 Qe4 24. Qg5 h6 25. Qg3 Rxa2 26. Nc6 Rxa1 27. Nxd8 Rxf1+ 28. Kxf1 Qc4+ 29. Ke1 Bb4+ 30. Kd1 Ne4 31. Qh4 Qb3+ 32. Ke2 Qc2+ 33. Kf3 Qd1+ 34. Ne2 Ng5+ 35. Kg3 Qxe2 36. Qxb4 Ne4+ 37. Kh3 Qh5# 0-1